[Event "Mitropa Cup (Women)"]
[Site "Apolda"]
[Date "2024.02.21"]
[Round "7.4"]
[White "Blanquet, Camille"]
[Black "Mihelic, Vesna"]
[Result "0-1"]
[WhiteElo "2014"]
[BlackElo "2097"]
[PlyCount "78"]
[EventDate "2024.02.15"]
[EventType "team-tourn"]
[EventRounds "9"]
[EventCountry "GER"]
[SourceTitle "CB09_2024"]
[SourceDate "2024.02.28"]
[SourceVersion "1"]
[SourceVersionDate "2024.02.28"]
[SourceQuality "1"]
[WhiteTeam "France (W)"]
[BlackTeam "Slovenia (W)"]
[WhiteTeamCountry "FRA"]
[BlackTeamCountry "SLO"]

1. d4 d5 2. c4 e6 3. Nc3 Nf6 4. Nf3 Be7 5. Bf4 0-0 6. e3 b6 7. cxd5 Nxd5 8. Nxd5 Qxd5 9. Be2 Ba6 10. 0-0 c5 11. Bxa6 Nxa6 12. Qe2 Qb7 13. Rfd1 Rfd8 14. Rac1 Nb4 15. a3 Nd5 16. Be5 Rac8 17. e4 Nf6 18. Bxf6 Bxf6 19. e5 Be7 20. dxc5 Rxd1+ 21. Rxd1 Rxc5 22. h3 h6 23. b4 Rd5 24. Rxd5 Qxd5 25. Qa6 Qd7 26. Qc4 Qa4 27. Nd4 Qxa3 28. Nc6 Bf8 29. b5 Bc5 30. Qf4 Qa1+ 31. Kh2 Qf1 32. Kg3 Qxb5 33. Nxa7 Qd7 34. Qc4 Qxa7 35. Qb5 Qe7 36. f4 Qd8 37. Qc6 Qd3+ 38. Kh2 Qf5 39. Qf3 g5 0-1

[Event "Wch U18 Girls"]
[Site "Montesilvano"]
[Date "2023.11.23"]
[Round "10"]
[White "Blanquet, Camille"]
[Black "Mungunzul, Bat Erdene"]
[Result "1/2-1/2"]
[WhiteElo "1953"]
[BlackElo "2111"]
[PlyCount "124"]
[EventDate "2023.11.13"]
[EventType "swiss"]
[EventRounds "11"]
[EventCountry "ITA"]
[SourceTitle "CB48_2023"]
[SourceDate "2023.11.29"]
[SourceVersion "1"]
[SourceVersionDate "2023.11.29"]
[SourceQuality "1"]

1. d4 d5 2. c4 c6 3. cxd5 cxd5 4. Bf4 Qb6 5. Nc3 Nf6 6. e3 Qxb2 7. Bb5+ Nc6 8. Nge2 Bf5 9. 0-0 Qa3 10. f3 a6 11. g4 Bd7 12. Ba4 e6 13. Rb1 Na5 14. g5 Bxa4 15. Qxa4+ Qxa4 16. Nxa4 Nd7 17. Bc7 Nc4 18. Rxb7 Nxe3 19. Rfb1 Nc4 20. Kf2 Be7 21. Bf4 Na5 22. Nb6 Nxb6 23. R7xb6 0-0 24. Rc1 Nc4 25. Rb7 Ba3 26. Rcb1 Bd6 27. Rd7 Rfd8 28. Rbb7 Rxd7 29. Rxd7 Bxf4 30. Nxf4 Rb8 31. Nd3 a5 32. Ra7 Re8 33. Ne5 Nxe5 34. dxe5 h6 35. gxh6 gxh6 36. Rxa5 Rb8 37. Ra7 Rb2+ 38. Kg3 Kg7 39. a4 Kg6 40. a5 Ra2 41. a6 h5 42. h4 Ra4 43. Kh3 d4 44. Kg3 Kf5 45. Rxf7+ Kxe5 46. a7 Kd5 47. Rd7+ Kc4 48. f4 Kd3 49. Kf3 Ra3 50. Rc7 Ra1 51. Rd7 Ra4 52. Re7 Kd2 53. Rd7 d3 54. Re7 Kd1 55. Rd7 d2 56. Ke3 Ra3+ 57. Kf2 Ra2 58. Ke3 Ra3+ 59. Kf2 Kc1 60. Rc7+ Kd1 61. Rd7 Ra2 62. Ke3 Ra3+ 1/2-1/2

[Event "FRA-ch (Women)"]
[Site "L'Alpe d'Huez"]
[Date "2023.08.19"]
[Round "1.2"]
[White "Daulyte Cornette, Deimante"]
[Black "Blanquet, Camille"]
[Result "1-0"]
[WhiteElo "2348"]
[BlackElo "2033"]
[PlyCount "61"]
[EventDate "2023.08.18"]
[EventType "k.o."]
[EventRounds "4"]
[EventCountry "FRA"]
[SourceTitle "EXT 2024"]
[Source "ChessBase"]
[SourceDate "2023.10.10"]
[SourceVersion "1"]
[SourceVersionDate "2023.10.10"]
[SourceQuality "1"]

1. e4 c6 2. d4 d5 3. e5 Bf5 4. h4 h6 5. Bd3 Bxd3 6. Qxd3 e6 7. h5 c5 8. c3 cxd4 9. cxd4 Nc6 10. Nc3 Nge7 11. Nf3 Qb6 12. 0-0 g6 13. Nb5 0-0-0 14. Nd6+ Rxd6 15. exd6 Nf5 16. Ne5 Nxd6 17. Nxc6 Qxc6 18. hxg6 Kd7 19. gxf7 Qc4 20. Qd1 Rh7 21. Bf4 Rxf7 22. Be5 Bg7 23. b3 Qa6 24. Qc2 Bxe5 25. dxe5 Ne4 26. Rad1 Ng5 27. f4 Qb6+ 28. Kh1 Nh7 29. f5 Ng5 30. Rc1 Qc6 31. fxe6+ 1-0

[Event "FRA-ch U18/20 Girls"]
[Site "Agen"]
[Date "2023.04.30"]
[Round "9"]
[White "Boghossian, Lucie"]
[Black "Blanquet, Camille"]
[Result "0-1"]
[WhiteElo "1628"]
[BlackElo "2044"]
[PlyCount "118"]
[EventDate "2023.04.23"]
[EventType "swiss"]
[EventRounds "9"]
[EventCountry "FRA"]
[SourceTitle "CBM 214 Extra"]
[Source "ChessBase"]
[SourceDate "2023.07.31"]
[SourceVersion "1"]
[SourceVersionDate "2023.07.31"]
[SourceQuality "1"]

1. e4 c6 2. d4 d5 3. e5 c5 4. dxc5 e6 5. Nf3 Bxc5 6. Bd3 Ne7 7. a3 Ng6 8. b4 Bb6 9. 0-0 Nc6 10. Bb2 0-0 11. Re1 Bd7 12. Nbd2 Nce7 13. c4 Bc7 14. cxd5 Nxd5 15. Nc4 Qe7 16. Rc1 Rfd8 17. Qb3 a6 18. Ne3 Rac8 19. Nxd5 exd5 20. Bxg6 hxg6 21. Qxd5 Bc6 22. Qb3 Bb6 23. Rcd1 Rd7 24. Rxd7 Bxd7 25. Nd4 Be6 26. Nxe6 Qxe6 27. Qxe6 fxe6 28. Re2 Kf7 29. Kf1 g5 30. Rd2 Ke7 31. Bd4 Rd8 32. Be3 Bxe3 33. Rxd8 Kxd8 34. fxe3 Kd7 35. a4 Kc6 36. e4 a5 37. bxa5 Kc5 38. Ke2 Kb4 39. Kd3 Kxa5 40. Kc4 Kxa4 41. Kc5 b5 42. Kd6 b4 43. Kxe6 b3 44. Kf7 b2 45. e6 b1Q 46. e7 Qb3+ 47. Kf8 Qb4 48. Kf7 Qc4+ 49. Kf8 Qc5 50. Kf7 Qc7 51. g3 Kb5 52. Kf8 Qc5 53. Kf7 Qc4+ 54. Kf8 Qc5 55. Kf7 Qc7 56. Kf8 Qd6 57. Kf7 Qf6+ 58. Ke8 Kc6 59. Kd8 Kd6 0-1

[Event "FRA-ch U18/20 Girls"]
[Site "Agen"]
[Date "2023.04.24"]
[Round "2"]
[White "Blanquet, Camille"]
[Black "Renaudin, Axelle"]
[Result "1-0"]
[WhiteElo "2044"]
[BlackElo "1685"]
[PlyCount "45"]
[EventDate "2023.04.23"]
[EventType "swiss"]
[EventRounds "9"]
[EventCountry "FRA"]
[SourceTitle "CBM 214 Extra"]
[Source "ChessBase"]
[SourceDate "2023.07.31"]
[SourceVersion "1"]
[SourceVersionDate "2023.07.31"]
[SourceQuality "1"]

1. d4 Nf6 2. c4 e6 3. Nc3 Bb4 4. g3 0-0 5. Bg2 d5 6. Nf3 c6 7. 0-0 Nbd7 8. Qb3 Qe7 9. a3 Bxc3 10. Qxc3 b6 11. Bf4 Ba6 12. Nd2 Rac8 13. e4 dxe4 14. Nxe4 Nxe4 15. Bxe4 c5 16. d5 Qf6 17. Qc2 exd5 18. Bxd5 Rfd8 19. Rfe1 b5 20. Be4 h6 21. Bh7+ Kh8 22. Bf5 Rc6 23. Bxd7 1-0

[Event "EU-ch U18 Girls 30th"]
[Site "Antalya"]
[Date "2022.11.11"]
[Round "6"]
[White "Blanquet, Camille"]
[Black "Qasem, Huda"]
[Result "0-1"]
[WhiteElo "2090"]
[BlackElo "1771"]
[PlyCount "30"]
[EventDate "2022.11.06"]
[EventType "swiss"]
[EventRounds "9"]
[EventCountry "TUR"]
[SourceTitle "EXT 2024"]
[Source "ChessBase"]
[SourceDate "2023.10.10"]
[SourceVersion "1"]
[SourceVersionDate "2023.10.10"]
[SourceQuality "1"]

1. d4 d5 2. c4 e6 3. Nc3 Be7 4. cxd5 exd5 5. Bf4 c6 6. e3 Bf5 7. Nf3 Nf6 8. h3 h6 9. Bd3 Bxd3 10. Qxd3 Nbd7 11. 0-0 0-0 12. Rac1 Re8 13. Ne2 Nf8 14. a3 a5 15. Bh2 Ne6 0-1

[Event "Wch U18 Girls"]
[Site "Mamaia"]
[Date "2022.09.09"]
[Round "4"]
[White "Khachatryan, Veronika"]
[Black "Blanquet, Camille"]
[Result "1/2-1/2"]
[WhiteElo "1933"]
[BlackElo "2028"]
[PlyCount "109"]
[EventDate "2022.09.06"]
[EventType "swiss"]
[EventRounds "11"]
[EventCountry "ROU"]
[SourceTitle "CBM 210 Extra"]
[Source "ChessBase"]
[SourceDate "2022.11.30"]
[SourceVersion "1"]
[SourceVersionDate "2022.11.30"]
[SourceQuality "1"]

1. d4 Nf6 2. c4 e6 3. Nf3 d5 4. g3 Be7 5. Bg2 0-0 6. 0-0 dxc4 7. Qa4 a6 8. Qxc4 b5 9. Qc2 Bb7 10. Nbd2 Nbd7 11. Ne5 Bxg2 12. Kxg2 Nxe5 13. dxe5 Nd5 14. Nf3 c5 15. h4 Nb4 16. Qe4 Qd5 17. Qg4 f5 18. exf6 Bxf6 19. e4 Qc6 20. Ng5 Bxg5 21. hxg5 g6 22. Bd2 Nd3 23. Bc3 e5 24. Qe2 c4 25. a3 Rf7 26. Qe3 Qd6 27. Rad1 a5 28. b4 a4 29. Rd2 Raf8 30. f3 Rd7 31. Kg1 Qe6 32. Kg2 Rfd8 33. Rfd1 Qe7 34. Kg1 Rf8 35. Kg2 Qe6 36. Rf1 Qd6 37. Kg1 Rdf7 38. Kg2 Qc7 39. Rdd1 Qa7 40. Qxa7 Rxa7 41. Rd2 Raf7 42. Re2 Rd7 43. Re3 Rff7 44. Rh1 Kf8 45. Rf1 Ke7 46. Kh3 Ke6 47. Kg4 Rf8 48. f4 Rdf7 49. Ref3 Rh8 50. Rh1 Rhf8 51. Rhf1 Rh8 52. f5+ Ke7 53. Rd1 Rhf8 54. f6+ Ke6 55. Rh1 1/2-1/2

[Event "Wch U18 Girls"]
[Site "Mamaia"]
[Date "2022.09.08"]
[Round "3"]
[White "Blanquet, Camille"]
[Black "Mkrtchyan, Mariam"]
[Result "0-1"]
[WhiteElo "2028"]
[BlackElo "2294"]
[PlyCount "112"]
[EventDate "2022.09.06"]
[EventType "swiss"]
[EventRounds "11"]
[EventCountry "ROU"]
[SourceTitle "CBM 210 Extra"]
[Source "ChessBase"]
[SourceDate "2022.11.30"]
[SourceVersion "1"]
[SourceVersionDate "2022.11.30"]
[SourceQuality "1"]

1. d4 d5 2. Nf3 Nf6 3. c4 c6 4. Nc3 dxc4 5. g3 b5 6. Bg2 Bb7 7. Ne5 a6 8. 0-0 e6 9. b3 b4 10. bxc4 bxc3 11. Rb1 Ra7 12. d5 exd5 13. cxd5 Bd6 14. dxc6 Bxe5 15. Qxd8+ Kxd8 16. cxb7 a5 17. Be3 Ra6 18. f4 Bd6 19. Rb3 Re8 20. Bd4 c2 21. e3 Ne4 22. Rc1 Rc6 23. Bb6+ Kd7 24. Bxa5 Ra6 25. Bb4 Rxa2 26. Bxd6 Kxd6 27. Rb4 Nc3 28. Rd4+ Kc5 29. Rd2 Kc4 30. Rcxc2 Rxc2 31. Rxc2 Kd3 32. Rb2 Kxe3 33. Rb4 Rd8 34. Bf1 Rd7 35. Kg2 f5 36. Kh3 Ne4 37. Bg2 Rd6 38. Rb3+ Kf2 39. Rf3+ Ke2 40. Bh1 Rb6 41. Ra3 Nf2+ 42. Kg2 Nxh1 43. Kxh1 Rxb7 44. Kg2 Nc6 45. Ra8 Nd4 46. Rh8 g6 47. Re8+ Kd3 48. Kh3 Rb2 49. Re7 Nf3 50. g4 Rxh2+ 51. Kg3 fxg4 52. Kxg4 Nd4 53. Kg5 Rh5+ 54. Kf6 Ne2 55. Kg7 Nxf4 56. Kg8 g5 0-1

[Event "FRA-ch U18 Girls"]
[Site "Agen"]
[Date "2022.04.21"]
[Round "6"]
[White "Tomasi, Elise"]
[Black "Blanquet, Camille"]
[Result "1/2-1/2"]
[WhiteElo "2000"]
[BlackElo "1937"]
[PlyCount "74"]
[EventDate "2022.04.16"]
[EventType "swiss"]
[EventRounds "9"]
[EventCountry "FRA"]
[SourceTitle "EXT 2023"]
[Source "ChessBase"]
[SourceDate "2022.10.05"]
[SourceVersion "1"]
[SourceVersionDate "2022.10.05"]
[SourceQuality "1"]

1. e4 c5 2. Nf3 d6 3. d4 cxd4 4. Qxd4 Nc6 5. Bb5 Bd7 6. Bxc6 Bxc6 7. Nc3 Nf6 8. Bg5 e5 9. Qd3 Be7 10. 0-0-0 0-0 11. Bxf6 Bxf6 12. Qxd6 Qa5 13. a3 Rac8 14. Qb4 Qc7 15. Qb3 Rfd8 16. Rxd8+ Rxd8 17. g4 Qe7 18. h4 h6 19. Qb4 Qe6 20. Rg1 Be7 21. Qa5 Qf6 22. Qxe5 Qxf3 23. Qxe7 Re8 24. Qc5 Bxe4 25. Nxe4 Qxe4 26. Kb1 b6 27. Qc7 Qd4 28. Qg3 Re2 29. f3 Qc5 30. Rc1 a5 31. g5 Qe3 32. g6 fxg6 33. Qxg6 Qe6 34. Qg3 Qc6 35. Qb8+ Re8 36. Qa7 Ra8 37. Qe7 Re8 1/2-1/2

[Event "FRA-ch U18 Girls"]
[Site "Agen"]
[Date "2022.04.19"]
[Round "4"]
[White "Blanquet, Camille"]
[Black "Renaudin, Axelle"]
[Result "1-0"]
[WhiteElo "1937"]
[BlackElo "1605"]
[PlyCount "35"]
[EventDate "2022.04.16"]
[EventType "swiss"]
[EventRounds "9"]
[EventCountry "FRA"]
[SourceTitle "EXT 2023"]
[Source "ChessBase"]
[SourceDate "2022.10.05"]
[SourceVersion "1"]
[SourceVersionDate "2022.10.05"]
[SourceQuality "1"]

1. Nf3 Nf6 2. c4 e6 3. g3 b6 4. Bg2 Bb7 5. 0-0 c5 6. d4 cxd4 7. Qxd4 Bc5 8. Qf4 d5 9. Nc3 dxc4 10. Rd1 Nbd7 11. Ne5 Bxg2 12. Rxd7 Qc8 13. Kxg2 Nxd7 14. Qxf7+ Kd8 15. Bg5+ Kc7 16. Rd1 Rf8 17. Rxd7+ Kb8 18. Qxe6 1-0

[Event "FRA-ch U16"]
[Site "Agen"]
[Date "2021.10.25"]
[Round "2"]
[White "Boghossian, Lucie"]
[Black "Blanquet, Camille"]
[Result "1/2-1/2"]
[WhiteElo "1420"]
[BlackElo "1887"]
[PlyCount "87"]
[EventDate "2021.10.22"]
[EventType "swiss"]
[EventRounds "9"]
[EventCountry "FRA"]
[SourceTitle "EXT 2023"]
[Source "ChessBase"]
[SourceDate "2022.10.05"]
[SourceVersion "1"]
[SourceVersionDate "2022.10.05"]
[SourceQuality "1"]

1. e4 c6 2. d3 d5 3. Qe2 g6 4. Nf3 Bg7 5. g3 dxe4 6. dxe4 e5 7. Bg2 Ne7 8. 0-0 0-0 9. Nc3 Qc7 10. Be3 h6 11. Rad1 Na6 12. Qd2 Kh7 13. h4 Bg4 14. Qe2 f5 15. exf5 gxf5 16. Bc1 e4 17. Nxe4 fxe4 18. Ng5+ hxg5 19. Qxg4 Qe5 20. Bxe4+ Kg8 21. hxg5 Nf5 22. Rd7 Nc5 23. Bxf5 Qxf5 24. Qc4+ Ne6 25. Rxb7 Rad8 26. c3 Be5 27. g4 Qg6 28. Re1 Rd5 29. Qxc6 Rd6 30. Qc4 Qc2 31. Be3 Rf7 32. Rxf7 Kxf7 33. f4 Rd1 34. Rxd1 Qxd1+ 35. Kf2 Qxg4 36. g6+ Kg7 37. Qc8 Bxf4 38. Bd4+ Kh6 39. Qh8+ Kg5 40. Qf6+ Kh5 41. Qh8+ Bh6 42. Qe5+ Kxg6 43. Qf6+ Kh5 44. Qe5+ 1/2-1/2

[Event "Trophee Roza Lallemand Online"]
[Site "Tornelo INT"]
[Date "2020.12.13"]
[Round "2"]
[White "Benmesbah, Natacha"]
[Black "Blanquet, Camille"]
[Result "1-0"]
[WhiteElo "2223"]
[BlackElo "1903"]
[PlyCount "99"]
[EventDate "2020.12.13"]
[EventType "swiss (rapid)"]
[EventRounds "9"]
[EventCountry "USA"]
[SourceTitle "EXT 2022"]
[Source "ChessBase"]
[SourceDate "2021.10.06"]
[SourceVersion "1"]
[SourceVersionDate "2021.10.06"]
[SourceQuality "1"]

1. e4 c6 2. c4 d5 3. cxd5 cxd5 4. exd5 Nf6 5. Qa4+ Bd7 6. Qb3 Qc7 7. Nc3 e6 8. Nf3 Bc5 9. d4 Bb6 10. Nb5 Bxb5 11. Bxb5+ Ke7 12. dxe6 fxe6 13. 0-0 Nc6 14. Re1 Qd6 15. Bc4 Na5 16. Qd3 Nxc4 17. Qxc4 Rac8 18. Qb3 Rhe8 19. Bd2 Nd5 20. Ng5 Kf8 21. Nxh7+ Kg8 22. Ng5 Bxd4 23. Qd3 Nf6 24. Be3 Be5 25. Qxd6 Bxd6 26. Bxa7 Rc2 27. b3 Ng4 28. h3 Ne5 29. Ne4 Bb4 30. Rec1 Re2 31. Ng3 Rd2 32. a3 Ba5 33. b4 Bd8 34. Rd1 Rc2 35. Ne4 b6 36. Bb8 Nc6 37. Bd6 e5 38. Rac1 Rxc1 39. Rxc1 Nd4 40. Kf1 Kf7 41. Bc7 Ke6 42. Bxd8 Rxd8 43. Rc7 g6 44. Rb7 Rc8 45. Rxb6+ Kf5 46. Nc5 Rd8 47. g4+ Kg5 48. Kg2 Rf8 49. Rd6 Kf4 50. Rxd4+ 1-0

[Event "Trophee Roza Lallemand Online"]
[Site "Tornelo INT"]
[Date "2020.12.13"]
[Round "1"]
[White "Blanquet, Camille"]
[Black "Bellahcene, Jenna"]
[Result "1-0"]
[WhiteElo "1903"]
[BlackElo "1530"]
[PlyCount "85"]
[EventDate "2020.12.13"]
[EventType "swiss (rapid)"]
[EventRounds "9"]
[EventCountry "USA"]
[SourceTitle "EXT 2022"]
[Source "ChessBase"]
[SourceDate "2021.10.06"]
[SourceVersion "1"]
[SourceVersionDate "2021.10.06"]
[SourceQuality "1"]

1. d4 d5 2. c4 e6 3. Nc3 Nf6 4. cxd5 exd5 5. Bg5 Be7 6. e3 c6 7. Bd3 Nbd7 8. Nge2 0-0 9. 0-0 b6 10. f3 Bb7 11. Qc2 c5 12. Qd2 h6 13. Bh4 c4 14. Bc2 a6 15. a4 Qc7 16. e4 dxe4 17. Bxf6 Bxf6 18. fxe4 Bg5 19. Qe1 Rfe8 20. Qf2 Nf8 21. Rad1 Ng6 22. e5 Bh4 23. g3 Bg5 24. Be4 Rad8 25. h4 Bxh4 26. gxh4 Bxe4 27. Nxe4 Qd7 28. Qg3 Qd5 29. N2c3 Qe6 30. Nd6 Rf8 31. Nce4 Ne7 32. Rd2 Qg6 33. Qxg6 Nxg6 34. h5 Ne7 35. Rdf2 Nd5 36. Rxf7 Rxf7 37. Rxf7 b5 38. axb5 Rb8 39. Ra7 axb5 40. Nf5 Nf4 41. Rxg7+ Kh8 42. Nf6 Ne6 43. Rh7# 1-0

[Event "Trophee Roza Lallemand Online"]
[Site "Tornelo INT"]
[Date "2020.12.13"]
[Round "7"]
[White "Blanquet, Camille"]
[Black "Daulyte Cornette, Deimante"]
[Result "0-1"]
[WhiteElo "1903"]
[BlackElo "2400"]
[PlyCount "110"]
[EventDate "2020.12.13"]
[EventType "swiss (rapid)"]
[EventRounds "9"]
[EventCountry "USA"]
[SourceTitle "EXT 2022"]
[Source "ChessBase"]
[SourceDate "2021.10.06"]
[SourceVersion "1"]
[SourceVersionDate "2021.10.06"]
[SourceQuality "1"]

1. d4 d5 2. c4 e6 3. Nc3 h6 4. e4 dxe4 5. Nxe4 Bb4+ 6. Nc3 c5 7. Nf3 Nf6 8. Be3 0-0 9. Bd3 Nc6 10. 0-0 cxd4 11. Nxd4 Ne5 12. Be2 Qe7 13. Qb3 Nfg4 14. Bf4 Bd6 15. Bg3 Nf6 16. Ndb5 Bb8 17. Bh4 Ng6 18. Bg3 Nf4 19. Bf3 N6h5 20. Rfe1 Nxg3 21. hxg3 Ng6 22. Rad1 Ne5 23. Be4 a6 24. Nd4 Rd8 25. Bb1 Ba7 26. Qc2 g6 27. Rxe5 Rxd4 28. Rde1 Qd8 29. Qc1 Kg7 30. Ne4 f6 31. Nxf6 Qxf6 32. c5 Bd7 33. Qc3 Rg4 34. Qb3 Rb8 35. Qc2 Re8 36. Qb3 Bc6 37. Bd3 Rg5 38. Rxg5 hxg5 39. Bc4 Bxc5 40. Qc2 Rf8 41. Re2 e5 42. Bd3 Bd4 43. b3 g4 44. Kf1 Rh8 45. Ke1 Rh1+ 46. Kd2 Qg5+ 47. Re3 Bxe3+ 48. fxe3 Rg1 49. Qc5 Rxg2+ 50. Kc3 Rxg3 51. Qd6 Rxe3 52. Kb2 Rf3 53. Bc4 Rf2+ 54. Ka3 Qc1+ 55. Kb4 Qd2+ 0-1

[Event "Trophee Roza Lallemand Online"]
[Site "Tornelo INT"]
[Date "2020.12.13"]
[Round "6"]
[White "Dubois, Martine"]
[Black "Blanquet, Camille"]
[Result "0-1"]
[WhiteElo "1780"]
[BlackElo "1903"]
[PlyCount "134"]
[EventDate "2020.12.13"]
[EventType "swiss (rapid)"]
[EventRounds "9"]
[EventCountry "USA"]
[SourceTitle "EXT 2022"]
[Source "ChessBase"]
[SourceDate "2021.10.06"]
[SourceVersion "1"]
[SourceVersionDate "2021.10.06"]
[SourceQuality "1"]

1. e4 c5 2. Nf3 Nc6 3. c3 Nf6 4. e5 Nd5 5. d4 cxd4 6. cxd4 d6 7. Nc3 Nxc3 8. bxc3 dxe5 9. d5 e4 10. Ng5 Ne5 11. Qd4 Nd7 12. Nxe4 Qb6 13. Qa4 g6 14. Be3 Qc7 15. Bd4 Rg8 16. Rb1 Qf4 17. Be3 Qf5 18. Bd3 Qxd5 19. Bc4 Qe5 20. 0-0 e6 21. Bd3 f5 22. Bf4 Qg7 23. Nd2 g5 24. Be3 Bd6 25. Nc4 Bc7 26. Bd4 Qh6 27. Rfe1 Qxh2+ 28. Kf1 Qh1+ 29. Ke2 Qxg2 30. Kd1 Qf3+ 31. Be2 Qd5 32. Ne3 Qe4 33. f3 Qxb1+ 34. Kd2 Qb2+ 35. Kd1 Bf4 36. Qc4 Nb6 37. Qc5 Qb1+ 38. Kd2 Qxa2+ 39. Kd1 Qb3+ 40. Kc1 Nd5 41. Bb5+ Bd7 42. Bc4 Qb6 43. Qa3 Bxe3+ 44. Rxe3 Qc6 45. Be2 Rc8 46. Re5 Nxc3 47. Bxc3 Qxc3+ 48. Qxc3 Rxc3+ 49. Kd2 Rc6 50. Bd3 Rd6 51. Ke3 Kf7 52. Bc4 Kf6 53. Ra5 a6 54. Ra2 Rc8 55. Bd3 Rc3 56. Rd2 Bb5 57. Kf2 Rcxd3 58. Rc2 Rd2+ 59. Rxd2 Rxd2+ 60. Ke3 Rd3+ 61. Kf2 a5 62. Ke2 a4 63. Ke1 a3 64. f4 a2 65. fxg5+ Ke5 66. Ke2 a1Q 67. Kf2 Qb2+ 0-1